000 01200cam a2200265 4500
001 ABS64814
008 011204n2001 000 0 eng u
035 _a(Sirsi) u115834
100 _aWilkinson, H. W.
245 4 _aThe lease-licence distinction. Again?
260 _c2001
490 _aNLJ Practitioner
_v151(700) 12 October 2001, 1489-1491(3)
520 _aComments that there are still agreements in operation which were made before the definitive decision of the House of Lords in "Street v Mountford" (1985) helped to set out the main characteristics of a lease. An example of this is found in "National Car Parks Ltd v Trinity Development Co (Banbury) Ltd" (2001). Also discusses earlier cases prior to the decision in "Street v Mountford" case.
590 _aABS
650 _aNATIONAL CAR PARKS LTD V TRINITY DEVELOPMENT CO (BANBURY) LTD
650 _aSTREET V MOUNTFORD
650 _aLEASES
650 _aAGREEMENTS
650 _aBUSINESS TENANCIES
650 _aLANDLORD AND TENANT ACT 1954
650 _aPROPERTY-RESIDENTIAL PROPERTY-RESIDENTIAL LANDLORD AND TENANT-RESIDENTIAL TENANCIES
650 _aLICENCES
690 _aLANDLORD AND TENANT-LEASES
942 _n0
999 _c69002
_d69002